00625 2200241 4500001002100000005001500021035002000036245005500056100001600111250000600127300003500133700001600168260003400184082001200218084001900230020002200249650002700271990001700298990001700315990001700332990001700349990001700366INLIS00000000000016120180901012344 a0010-09180000151 aSeni Karawitan /cS. Heliarta; Editor, Yulianawati0 aS. Heliarta a- aiv, 60 hlm. :bilus. ;c25 cm.0 aYulianawati aSemarang :bAneka Ilmu,c2009 a781.621 a781.621 HEL s a978-979-070-130-4 aMusik Rakyat Indonesia a00684/P/2018 a00685/P/2018 a00686/P/2018 a00687/P/2018 a00688/P/2018